Loading...
| Science - Physics | 0 | 6 | 1 | 1 | 55 | 67 | 96.17 | 0 | 1 | 9.82 | 22.73 |
| Literature - British | 0 | 5 | 0 | 0 | 50 | 78 | 102.80 | 0 | 0 | 11.59 | 18.18 |
| Literature - European | 0 | 5 | 2 | 0 | 40 | 70 | 110.40 | 0 | 1 | 9.49 | 19.32 |
| Social Science | 0 | 4 | 1 | 1 | 35 | 58 | 87.25 | 2 | 3 | 7.42 | 20.45 |
| History - European | 0 | 3 | 2 | 0 | 20 | 72 | 103.33 | 0 | 0 | 6.37 | 12.50 |
| Fine Arts - Classical Music | 0 | 2 | 0 | 1 | 20 | 115 | 118.00 | 0 | 0 | 1.35 | 5.68 |
| History - Other | 0 | 2 | 0 | 1 | 20 | 120 | 124.50 | 0 | 0 | 0.00 | 2.27 |
| Literature - American | 0 | 3 | 2 | 0 | 20 | 81 | 116.33 | 0 | 0 | 5.03 | 13.64 |
| Fine Arts - Painting and Sculpture | 0 | 2 | 0 | 0 | 20 | 91 | 110.00 | 0 | 1 | 2.68 | 9.09 |
| History - American | 0 | 2 | 0 | 0 | 20 | 55 | 64.00 | 0 | 0 | 8.69 | 6.82 |
| Philosophy | 0 | 2 | 1 | 0 | 15 | 103 | 107.00 | 0 | 0 | 1.12 | 5.68 |
| Literature - World | 0 | 2 | 1 | 0 | 15 | 121 | 127.00 | 0 | 0 | 1.57 | 6.82 |
| Geography | 0 | 1 | 0 | 0 | 10 | 111 | 111.00 | 0 | 0 | 5.09 | 16.67 |
| History - World | 0 | 2 | 2 | 1 | 10 | 83 | 109.00 | 0 | 0 | 2.64 | 3.41 |
| Fine Arts - Other | 0 | 1 | 0 | 1 | 10 | 135 | 135.00 | 0 | 0 | 0.00 | 2.27 |
| Other Academic | 0 | 1 | 0 | 0 | 10 | 84 | 84.00 | 0 | 1 | 12.59 | 25.00 |
| Science - Chemistry | 0 | 2 | 2 | 0 | 10 | 82 | 83.00 | 0 | 1 | 6.06 | 10.23 |
| Science - Other | 0 | 1 | 0 | 0 | 10 | 98 | 98.00 | 0 | 0 | 0.69 | 3.41 |
| Current Events | 0 | 1 | 0 | 0 | 10 | 45 | 45.00 | 0 | 1 | 32.56 | 37.50 |
| Religion | 0 | 1 | 1 | 0 | 5 | 106 | 106.00 | 0 | 0 | 0.71 | 3.41 |
| Science - Biology | 0 | 1 | 1 | 1 | 5 | 114 | 114.00 | 0 | 0 | 0.00 | 1.14 |
| Mythology | 0 | 2 | 3 | 0 | 5 | 83 | 90.00 | 0 | 0 | 5.76 | 6.82 |